书目信息 |
| 题名: |
楹联墨迹大观
|
|
| 作者: | ||
| 分册: | ||
| 出版信息: | 北京 中国书店 1984 |
|
| 页数: | 1册 | |
| 开本: | 25cm | |
| 丛书名: | ||
| 单 册: | ||
| 中图分类: | J292.21 , J292.2 | |
| 科图分类: | ||
| 主题词: | 法书--中国--选集 , 书法--中国 , 篆刻--中国 | |
| 电子资源: | ||
| ISBN: | ||
| 000 | 00640nam0 2200265 45 | |
| 001 | 0184004390 | |
| 005 | 20040519164435.5 | |
| 010 | @dCNY5.20 | |
| 100 | @a19950608d1984 em y0chiy0121 ea | |
| 101 | 0 | @achi |
| 102 | @aCN@b110000 | |
| 105 | @ay z 000yy | |
| 106 | @ar | |
| 200 | 10 | @a楹联墨迹大观@Aying lian mo ji da guan |
| 205 | @b影印本 | |
| 210 | @a北京@c中国书店@d1984 | |
| 215 | @a1册@d25cm | |
| 606 | @a法书@y中国@x选集 | |
| 606 | 0 | @a书法@x中国 |
| 606 | 0 | @a篆刻@x中国 |
| 690 | @aJ292.21@v3 | |
| 690 | @aJ292.2 | |
| 801 | 0 | @aCN@b上海图书馆@c20040519 |
| 801 | 2 | @aCN@bNLC@c20040519 |
| 905 | @f1@b126497@dJ292.2@e97 | |
| 楹联墨迹大观.-影印本.-北京:中国书店,1984 |
| 1册;25cm |
| ISBN :CNY5.20 |
| ● |
| 相关链接 |
|
|
|
|
正题名:楹联墨迹大观
索取号:J292.2/97
 
预约/预借
| 序号 | 登录号 | 条形码 | 馆藏地/架位号 | 状态 | 备注 |
| 1 | 0126497 | 000797953 | 第一借阅区/ [索取号:J292.2/97] | 在馆 | |
| 2 | 0126498 | 000797944 | 第一样本阅览室/ [索取号:J292.2/97] | 在馆 |